000 00792nab a2200241u 4500
001 12447
003 HDC
007 c| |||a|c|aaaa
008 210209b99999999my ||||o |||| 00| 0 may d
040 _aHDC
100 _aIniaz Rahim /
_eauthor
_913053
245 0 _aHab barangan halal dari Malaysia tebar sayap di barat Singapura /
_cIniaz Rahim
336 _atext
_2rdacontent
337 _acomputer
_2rdamedia
338 _aonline resource
_2rdacarrier
650 _aAGROBAZAAR
_99787
650 _aBig Box Hypermart
_913054
710 _aBerita Harian
856 _zRequest full-text at [email protected]
942 _2lcc
942 _cNEWS
942 _kNWS0 001026
999 _c9770
_d9770